50 villes les plus peuplées de l'Aube (10) - Statistiques

Statistiques générales
  • Ce quiz a été pris 27 fois
  • Le résultat moyen est 20 sur 50
Statistiques - réponses
nombre d'habitant ville % Correct
62 443 Troyes
100%
4 743 Bar-sur-Aube
85%
14 751 Romilly-sur-Seine
85%
2 869 Bar-sur-Seine
80%
12 603 La Chapelle-Saint-Luc
75%
12 695 Saint-André-les-Vergers
75%
3 214 Saint-Parres-aux-Tertres
75%
1 079 Saint-Parres-lès-Vaudes
75%
6 752 Saint-Julien-les-Villas
70%
5 673 Nogent-sur-Seine
65%
2 779 Arcis-sur-Aube
60%
5 202 Pont-Sainte-Marie
60%
4 866 Rosières-près-Troyes
60%
10 457 Saint-Savine
60%
3 091 Bréviandes
55%
2 703 Brienne-le-Château
55%
2 256 Vendeuvre-sur-Barse
55%
1 888 Verrières
45%
1 551 Barberey-Saint-Sulpice
40%
3 260 Les Noës-près-Troyes
40%
2 265 Lusigny-sur-Barse
40%
2 867 Saint-Lyé
40%
1 959 Buchères
35%
1 753 Marigny-le-Châtel
35%
1 792 Saint-Maure
35%
1 012 Chaource
30%
1 797 Estissac
30%
971 Lavau
30%
2 012 Mailly-le-Camp
30%
1 442 Méry-sur-Seine
30%
3 336 Aix-Villemaur-Pâlis
25%
1 150 Clérey
25%
1 192 Les Riceys
25%
1 396 Payns
25%
2 402 Saint-Germain
25%
1 039 Charmont-sous-Barbuisse
20%
1 108 Ervy-le-Châtel
20%
3 681 La Rivière-de-Corps
20%
1 521 Maizières-la-Grande-Paroisse
20%
1 000 Saint-Pouange
20%
1 075 Savières
20%
945 Villechétif
20%
2 604 Villenaux-la-Grande
20%
1 074 Bouilly
15%
1 996 Creney-près-Troyes
15%
1 417 Piney
10%
1 117 Pont-sur-Seine
10%
982 Macey
5%
963 Plancy-l'Abbaye
5%
1 064 Traînel
5%
Aucun quiz correspondant
Distribution des résultats
% des personnes avec chaque résultat
Percentile par nombre de réponses
Votre historique - résultats
Vous n’avez pas pris ce quiz